Diego Velázquez, 1599-1660

保存先:
書誌詳細
第一著者: Salinger, Margaretta M (著者)
フォーマット: 図書
言語:英語
出版事項: Nueva York Harry N. Abrams 1954
シリーズ:The Pocket Library of Great Art
主題:
タグ: タグ追加
タグなし, このレコードへの初めてのタグを付けませんか!

MARC

LEADER 00000nam a2200000 a 4500
001 UCZ1466
003 CL-VaPUC
008 950824e19540000US |||||||||||||||||eng|d
082 0 4 |a 759.6  |b SAL  |2 21 
100 0 |a Salinger, Margaretta M  |e author  |9 345034 
245 1 0 |a Diego Velázquez, 1599-1660 
300 |a pag. irreg 
942 |c BK 
945 |d 19950824 00:00:00  |a rbrito 
260 |a Nueva York  |b Harry N. Abrams  |c 1954 
600 0 7 |a VELAZQUEZ, DIEGO DE  |2 CL-VaPUC  |9 269210 
650 0 |a Pintura española   |9 315217 
650 7 |a PINTORES ESPAÑOLES CRITICA E INTERPRETACION  |2 CL-VaPUC  |9 345035 
583 |a last modification  |c 20130430 03:10:04  |k Rodrigo Vera 
490 0 |a The Pocket Library of Great Art 
999 |c 238211  |d 238209 
952 |0 0  |1 0  |4 0  |6 759_600000000000000_SAL_1954  |7 0  |8 A  |9 248242  |a BIBART  |b BIBART  |d 2019-11-18  |i 3107035  |o 759.6 SAL 1954  |p 3107035  |r 2025-03-13  |w 2019-11-18  |y BK  |k ART